00803nam a2200217Ia 4500003000900000008004100009040001600050080001800066100002500084245015300109260004700262300001600309650004100325650003300366650001800399700002700417700002500444942000700469999001500476952009400491IN-BaIIA211028s9999 xx 000 0 eng d cIIA Library a524.7-77bQUA aRobinson, Ivor94481 0aQuasi - stellar sources and gravitational collapsebincluding the proceedings of the 1st Texas symposium on relativistic astrophysicscIvor Robinson aChicagobUniversity of Chicago Pressc1965 axvii, 475p. aAstronomy and astrophysics thesaurus aGravitational collapse94482 aQuasars91096 a Schucking E. L.94483 aSchild, Alfred94484 cBK c2512d2512 00104070aBANbBANcGENd1965-12-31l0o524.7-77/ QUAp2808r2021-11-05w1965-12-31yBK